Introduction to plant physiology (Record no. 8180)
[ view plain ]
| 000 -LEADER | |
|---|---|
| fixed length control field | 01016cam a2200289 4500 |
| 001 - CONTROL NUMBER | |
| control field | 1714725 |
| 003 - CONTROL NUMBER IDENTIFIER | |
| control field | OSt |
| 005 - DATE AND TIME OF LATEST TRANSACTION | |
| control field | 20231004124430.0 |
| 008 - FIXED-LENGTH DATA ELEMENTS--GENERAL INFORMATION | |
| fixed length control field | 730515s1973 nyua b 001 0 eng |
| 010 ## - LIBRARY OF CONGRESS CONTROL NUMBER | |
| LC control number | 72006329 |
| 020 ## - INTERNATIONAL STANDARD BOOK NUMBER | |
| International Standard Book Number | 9780470247662 |
| 040 ## - CATALOGING SOURCE | |
| Original cataloging agency | DLC |
| Transcribing agency | DLC |
| Modifying agency | DLC |
| 050 00 - LIBRARY OF CONGRESS CALL NUMBER | |
| Classification number | QK711.2 |
| Item number | .I57 1973 |
| 082 00 - DEWEY DECIMAL CLASSIFICATION NUMBER | |
| Classification number | 571.2 HOP 2009 |
| 245 00 - TITLE STATEMENT | |
| Title | Introduction to plant physiology |
| Statement of responsibility, etc. | Hopkins,G.William;Hiiner,P.A Norman; |
| 250 ## - EDITION STATEMENT | |
| Edition statement | 4th ed.] |
| 260 ## - PUBLICATION, DISTRIBUTION, ETC. (IMPRINT) | |
| Place of publication, distribution, etc. | London, |
| Name of publisher, distributor, etc. | Wiley, |
| Date of publication, distribution, etc. | 2009. |
| 300 ## - PHYSICAL DESCRIPTION | |
| Extent | vii,503p; |
| Other physical details | ill, |
| Dimensions | 29cm. |
| 500 ## - GENERAL NOTE | |
| General note | First ed. (1960) by B. S. Meyer, D. B. Anderson, and R. H. Böhning. |
| 504 ## - BIBLIOGRAPHY, ETC. NOTE | |
| Bibliography, etc | Includes index and Glossaries. |
| 650 #0 - SUBJECT ADDED ENTRY--TOPICAL TERM | |
| Topical term or geographic name as entry element | Plant physiology. |
| 9 (RLIN) | 6089 |
| 700 1# - ADDED ENTRY--PERSONAL NAME | |
| Personal name | Meyer, Bernard S. |
| Fuller form of name | (Bernard Sandler), |
| Dates associated with a name | 1901-1987 |
| 9 (RLIN) | 16700 |
| 700 1# - ADDED ENTRY--PERSONAL NAME | |
| Personal name | Meyer, Bernard S. |
| Fuller form of name | (Bernard Sandler), |
| Dates associated with a name | 1901-1987. |
| Title of a work | Introduction to plant physiology. |
| 9 (RLIN) | 16701 |
| 906 ## - LOCAL DATA ELEMENT F, LDF (RLIN) | |
| a | 7 |
| b | cbc |
| c | orignew |
| d | 2 |
| e | ocip |
| f | 19 |
| g | y-gencatlg |
| 942 ## - ADDED ENTRY ELEMENTS (KOHA) | |
| Source of classification or shelving scheme | Dewey Decimal Classification |
| Koha item type | Open Shelf |
| Withdrawn status | Lost status | Source of classification or shelving scheme | Damaged status | Not for loan | Home library | Current library | Date acquired | Source of acquisition | Inventory number | Total Checkouts | Full call number | Barcode | Date last seen | Date last checked out | Price effective from | Koha item type |
|---|---|---|---|---|---|---|---|---|---|---|---|---|---|---|---|---|
| Dewey Decimal Classification | MUST Main Library | MUST Main Library | 04/10/2023 | Purchase | 23/42141 | 1 | 571.2 HOP 2009 | 2023-0555 | 15/02/2025 | 13/02/2025 | 04/10/2023 | Open Shelf | ||||
| Dewey Decimal Classification | MUST Main Library | MUST Main Library | 04/10/2023 | Purchase | 23/42142 | 571.2 HOP 2009 | 2023-0556 | 04/10/2023 | 04/10/2023 | Open Shelf |
